Plant and animal biology. V 2 (Record no. 27201)

MARC details
000 -LEADER
fixed length control field 00339nam a2200145Ia 4500
082 ## - DEWEY DECIMAL CLASSIFICATION NUMBER
Classification number 574
Item number VIN.2
100 ## - MAIN ENTRY--AUTHOR NAME
Personal name REES, N
245 #0 - TITLE STATEMENT
Title Plant and animal biology. V 2
260 ## - PUBLICATION, DISTRIBUTION, ETC. (IMPRINT)
Place of publication London
Name of publisher Pitman
Year of publication 1972
650 ## - SUBJECT ADDED ENTRY--TOPICAL TERM
Topical Term Biology
650 ## - SUBJECT ADDED ENTRY--TOPICAL TERM
Topical Term Evolution
700 ## - ADDED ENTRY--PERSONAL NAME
Personal name VINES, A E
942 ## - ADDED ENTRY ELEMENTS (KOHA)
Koha item type Books
Holdings
Withdrawn status Lost status Damaged status Not for loan Home library Current library Date acquired Full call number Accession Number Koha item type
        RRII Library RRII Library 16/12/2021 574 VIN.2 07828 Books